|
|
|
|
| LEADER |
02070nam a2200457 i 4500 |
| 001 |
EBC4661542 |
| 003 |
MiAaPQ |
| 005 |
20200520144314.0 |
| 006 |
m o d | |
| 007 |
cr cnu|||||||| |
| 008 |
160915t20162016sz ad ob 000 0 spa d |
| 020 |
|
|
|z 9789223303792
|
| 020 |
|
|
|a 9789223303808
|q (electronic bk.)
|
| 035 |
|
|
|a (MiAaPQ)EBC4661542
|
| 035 |
|
|
|a (Au-PeEL)EBL4661542
|
| 035 |
|
|
|a (CaPaEBR)ebr11253371
|
| 035 |
|
|
|a (OCoLC)958384928
|
| 040 |
|
|
|a MiAaPQ
|b eng
|e rda
|e pn
|c MiAaPQ
|d MiAaPQ
|
| 043 |
|
|
|a cl-----
|a cc-----
|
| 050 |
|
4 |
|a HD5730.5.A6
|b .S658 2016
|
| 082 |
0 |
|
|a 331.1098
|2 23
|
| 245 |
0 |
0 |
|a Soluciones eficaces :
|b politicas activas del mercado de trabajo en America Latina y el Caribe.
|
| 250 |
|
|
|a Primera edicion.
|
| 264 |
|
1 |
|a Ginebra, Switzerland :
|b Organizacion Internacional del Trabajo,
|c 2016.
|
| 264 |
|
4 |
|c 2016
|
| 300 |
|
|
|a 1 online resource (217 pages) :
|b color illustrations, charts, tables.
|
| 336 |
|
|
|a text
|2 rdacontent
|
| 337 |
|
|
|a computer
|2 rdamedia
|
| 338 |
|
|
|a online resource
|2 rdacarrier
|
| 490 |
1 |
|
|a Estudios sobre el crecimiento con equidad
|
| 504 |
|
|
|a Includes bibliographical references at the end of each chapters.
|
| 588 |
|
|
|a Description based on online resource; title from PDF title page (ebrary, viewed September 15, 2016).
|
| 590 |
|
|
|a Electronic reproduction. Ann Arbor, MI : ProQuest, 2016. Available via World Wide Web. Access may be limited to ProQuest affiliated libraries.
|
| 650 |
|
0 |
|a Labor market
|z Latin America.
|
| 650 |
|
0 |
|a Labor market
|z Caribbean Area.
|
| 650 |
|
0 |
|a Manpower policy.
|
| 655 |
|
4 |
|a Electronic books.
|
| 776 |
0 |
8 |
|i Print version:
|t Soluciones eficaces : politicas activas del mercado de trabajo en America Latina y el Caribe.
|b Primera edicion.
|d Ginebra, Switzerland : Organizacion Internacional del Trabajo, c2016
|h xvi, 200 pages
|k Studies on growth with equity.
|z 9789223303792
|
| 797 |
2 |
|
|a ProQuest (Firm)
|
| 830 |
|
0 |
|a Studies on growth with equity.
|
| 856 |
4 |
0 |
|u https://ebookcentral.proquest.com/lib/matrademy/detail.action?docID=4661542
|z Click to View
|